Trade in services : (Record no. 143007)

MARC details
000 -LEADER
fixed length control field 00644nam a22001937a 4500
005 - DATE AND TIME OF LATEST TRANSACTION
control field 20170731162645.0
010 ## - LCCN (DPL NO)
LC control number ENG-119483
020 ## - INTERNATIONAL STANDARD BOOK NUMBER
Terms of availability 880.00
International Standard Book Number 9878184503036
035 ## - SYSTEM CONTROL NUMBER
System control number EN-103015
037 ## - SOURCE OF ACQUISITION
Source of stock number/acquisition DBAD/PUB
082 ## - DEWEY DECIMAL CLASSIFICATION NUMBER
Classification number 379.54
100 ## - MAIN ENTRY--PERSONAL NAME
Personal name Chatterjee,Biswajit
245 ## - TITLE STATEMENT
Title Trade in services :
Statement of responsibility, etc by Biswajit Chatterjee
Remainder of title a case study of India's higher education sector /
260 ## - PUBLICATION, DISTRIBUTION, ETC. (IMPRINT)
Place of publication, distribution, etc New Delhi
Name of publisher, distributor, etc Deep and Deep Publications
Date of publication, distribution, etc 2011
270 ## - ADDRESS
Address F-159,Rajouri Garden
City New Delhi
Postal code 110027
300 ## - PHYSICAL DESCRIPTION
Extent ix,250p.
Dimensions 22cm(Hb)
500 ## - GENERAL NOTE
General note Includes bibliographical references and index
942 ## - ADDED ENTRY ELEMENTS (KOHA)
Source of classification or shelving scheme Dewey Decimal Classification
Item type English Books
Call number suffix BIS
Classification part 379.54
Holdings
Withdrawn status Lost status Not for loan Collection code Home library Current library Date acquired Source of acquisition Cost, normal purchase price Full call number Barcode Copy number Cost, replacement price Koha item type
      Non-fiction Patel Nagar Patel Nagar 31/07/2017 DBAD/PUB 880.00 379.54 BIS EN-103015 1 880.00 English Books

© Delhi Public Library
Hit Counter
free hit counter